000 00585nam a22002057a 4500
999 _c8051
_d8051
003 AR-CdUCM
008 190322b ||||| |||| 00| 0 spa d
020 _a84-264-2942-4
040 _aMUNICIPALIDAD PROVINCIAL DEL CUSCO
_cBIBLIOTECA MUNICIPAL DEL CUSCO
082 _a861 /
_bH43
100 _aHernández Ossorno, Mariano
_922752
245 _aUsos del diccionario /
260 _aEspaña :
_bLumen,
_c1975.
300 _a73 páginas ;
_c18.5 cm.
650 _aPoesía
_9139
650 _aLiteratura española
_9362
650 _aSiglo XX
_98
942 _2ddc
_cLIBROS
945 _azta